000 00963nam a2200289 4500
001 32830
003 AR-RoBPED
005 20260605084628.0
008 260604e2015 ag a|||br|||| 000 0 spa d
020 _a9789502324784
040 _aAR-RoBPED
041 _aspa
100 _aCalcagno, Javier Angel
_d1960-
_930996
245 1 _a¿Querés saber qué son los crustáceos? /
_cJavier Ángel Calcagno; ilustrado por Rosario Oliva ; directora de colección Paula Bombara.
260 _aBuenos Aires:
_bEudeba,
_c2015.
300 _as.p.
_bil.
490 0 _a¿Querés saber?
650 4 _aCIENCIAS NATURALES
_9535
650 4 _aOCEANOS
_92033
650 4 _aARTROPODOS
_93602
650 4 _aMAR ARGENTINO
_9187
650 4 _aZOOLOGIA
_93770
700 _aOliva, Rosario
_d1981-
_930967
_eilust.
700 1 _aBombara, Paula
_d1972-
_916481
_edir. colección
942 _2udc
_ak. 32830
_cBK
_h595.3
_kI
_mC 18
_pinv. 42485
999 _c32830
_d32830